|
|
|
|
| LEADER |
00855nam a2200205 a 4500 |
| 005 |
20151026132446.0 |
| 008 |
960221s1955 dcuabcdjdbkoqu001 0deng d |
| 003 |
ViArRB |
| 080 |
|
|
|a 7:902
|b DES R
|
| 100 |
|
|
|a Desai, Devangana., ed.
|e ed.by
|9 12084
|
| 245 |
|
|
|a Kaladarpana=Mirror of Indian art
|b essays in memory of Shri.Krishna Deva
|c ed.by Devangana Desai and Arundhati Banerji
|
| 300 |
|
|
|a xxxvii, 373p.
|
| 653 |
|
|
|a HIndu temples-India
|a Architecture-India
|a Hindu art-India
|a Art,India
|a Idols and images-India
|a Buddhist-India
|a India-Antiquities
|
| 700 |
|
|
|a ArundhatiBanerji.,ed.
|9 12252
|
| 942 |
|
|
|c REF
|6 _
|
| 260 |
|
|
|a New Delhi
|b Aryan Books International
|c 2009
|9 12010
|
| 500 |
|
|
|a
|
| 020 |
|
|
|a 9788173053702
|
| 999 |
|
|
|c 49237
|d 49237
|
| 952 |
|
|
|0 0
|1 0
|2 udc
|4 0
|6 7902_DESR
|7 0
|9 61969
|a UL
|b UL
|c GEN
|d 2010-06-16
|o 7:902 DES R
|p 00063596
|r 2010-06-16
|w 2010-06-16
|y BK
|